000
00254nam a2200097Ia 4500
008
230915s9999 xx 000 0 und d
050
_a
RM 300 F 85 2009
100
_a
FULCHER EUGENIA M.
245
0
_a
PHARMACOLOGY :PRINCIPLES AND APPLICATION
942
_c
BK
999
_c
199516
_d
199516